000 00611nam a2200205 4500
001 111580
003 ES-MaACL
005 20250701025843.0
007 t|
008 061121s1976 ag r ||||1| spa d
100 1 _aNeruda, Pablo,
_d1904-1973
_985398
245 1 0 _aTercer libro de las odas /
_cPablo Neruda.
250 _a3ª ed.
260 _aBuenos Aires :
_bLosada,
_c1976.
300 _a237 p. ;
_c18 cm.
490 1 _aBiblioteca clásica y contemporánea ;
_v378
830 0 0 _aBiblioteca clásica y contemporánea
_v378
_9181053
852 _aES-MaACL
_jL-7388
_bR.107671
999 _c111580
_d111580